[Event "Provence-ch 1213"]
[Site "Provence"]
[Date "2013.07.06"]
[Round "1"]
[White "Danielan, Kevin"]
[Black "Petrossian, Armen"]
[Result "0-1"]
[WhiteElo "1774"]
[BlackElo "2409"]
[PlyCount "84"]
[EventDate "2013.07.06"]
[EventType "swiss"]
[EventRounds "9"]
[EventCountry "FRA"]
[SourceTitle "EXT 2015"]
[Source "ChessBase"]
[SourceDate "2014.11.20"]
[SourceVersion "1"]
[SourceVersionDate "2014.11.20"]
[SourceQuality "1"]

1. d4 d5 2. c4 dxc4 3. Nf3 Nf6 4. e3 Bg4 5. Bxc4 e6 6. 0-0 a6 7. Nbd2 Nc6 8. a3 Bd6 9. Qc2 0-0 10. Be2 e5 11. Nb3 e4 12. Ne1 Re8 13. f3 Bf5 14. f4 h5 15. Bd2 Qd7 16. Nc5 Bxc5 17. Qxc5 Ne7 18. Nc2 b6 19. Qb4 Nfd5 20. Qb3 Be6 21. Bc4 b5 22. Bxd5 Nxd5 23. f5 Bxf5 24. Nb4 Be6 25. Qc2 Nxb4 26. Bxb4 a5 27. Bc5 Bc4 28. Rfc1 a4 29. Qf2 Ra6 30. Qh4 Qd5 31. Qf4 Rg6 32. Rc2 c6 33. Rf2 Rf6 34. Qg3 Rxf2 35. Qxf2 Re6 36. Rd1 Qd8 37. Qg3 h4 38. Qe1 Rf6 39. Qb4 Qd7 40. h3 Rg6 41. Kh1 Be2 42. Re1 Bf3 0-1